Detalles MARC
| 000 -LEADER |
| campo de control de longitud fija |
03034cam a2200469 i 4500 |
| 003 - IDENTIFICADOR DE NÚMERO DE CONTROL |
| campo de control |
PE-LiUPU |
| 005 - FECHA Y HORA DE LA ÚLTIMA TRANSACCIÓN |
| campo de control |
20260202171739.0 |
| 008 - DATOS DE LONGITUD FIJA--INFORMACIÓN GENERAL |
| campo de control de longitud fija |
1503 s2015 pe a rb 000 0 spa d |
| 020 ## - NÚMERO INTERNACIONAL ESTÁNDAR DEL LIBRO |
| Número Internacional Estándar del Libro |
9786124598869 |
| 035 ## - NÚMERO DE CONTROL DEL SISTEMA |
| Número de control de sistema |
PE-LiUPU00070 |
| 040 ## - FUENTE DE CATALOGACIÓN |
| Centro catalogador/agencia de origen |
PE-LiUPU |
| Lengua de catalogación |
spa |
| Centro/agencia transcriptor |
PE-LiUPU |
| Normas de descripción |
rda |
| 082 04 - NÚMERO DE LA CLASIFICACIÓN DECIMAL DEWEY |
| Número de clasificación |
220.601 |
| Número de edición |
23 |
| Cutter |
M946p |
| 090 ## - LOCALMENTE ASIGNADO TIPO-LC NÚMERO DE CLASIFICACIÓN (OCLC); NÚMERO DE CLASIFICACIÓN LOCAL (RLIN) |
| Número de clasificación (OCLC) (R) ; Numero de clasificación, CALL (RLIN) (NR) |
220.6 |
| Número cutter local (OCLC) ; Número de libro/Signatura topográfica íntegra, CALL (RLIN) |
M94 |
| 100 1# - ENTRADA PRINCIPAL--NOMBRE DE PERSONA |
| Nombre de persona |
Mueller, Ekkehardt, |
| Término indicativo de función/relación |
autor. |
| 9 (RLIN) |
7903 |
| 240 10 - TÍTULO UNIFORME |
| Título uniforme |
Guidelines for the interpretation of Scripture |
| Lenguaje de la obra |
Spanish |
| 245 10 - MENCIÓN DEL TÍTULO |
| Título |
Pautas para interpretar las Escrituras / |
| Mención de responsabilidad, etc. |
Ekkehardt Mueller ; traducción de Joel Iparraguirre. |
| 250 ## - MENCION DE EDICION |
| Mención de edición |
Primera edición. |
| 264 #1 - PRODUCCIÓN, PUBLICACIÓN, DISTRIBUCIÓN, FABRICACIÓN Y COPYRIGHT |
| Producción, publicación, distribución, fabricación y copyright |
Lima : |
| Nombre del de productor, editor, distribuidor, fabricante |
Idemerjos editores, |
| Fecha de producción, publicación, distribución, fabricación o copyright |
2015. |
| 264 #3 - PRODUCCIÓN, PUBLICACIÓN, DISTRIBUCIÓN, FABRICACIÓN Y COPYRIGHT |
| Producción, publicación, distribución, fabricación y copyright |
Impreso en el Perú. |
| 300 ## - DESCRIPCIÓN FÍSICA |
| Extensión |
176 páginas : |
| Otras características físicas |
ilustraciones ; |
| Dimensiones |
21 cm |
| 336 ## - TIPO DE CONTENIDO |
| Término de tipo de contenido |
text |
| Fuente |
rdacontent |
| 337 ## - TIPO DE MEDIO |
| Nombre/término del tipo de medio |
unmediated |
| Fuente |
rdamedia |
| 338 ## - TIPO DE SOPORTE |
| Nombre/término del tipo de soporte |
volume |
| Fuente |
rdacarrier |
| 500 ## - NOTA GENERAL |
| Nota general |
Título original: Guidelines for the interpretation of Scripture. |
| 500 ## - NOTA GENERAL |
| Nota general |
Editor: Merling Alomía. |
| 500 ## - NOTA GENERAL |
| Nota general |
Traducción del inglés. |
| 500 ## - NOTA GENERAL |
| Nota general |
Incluye apéndices escritos por Elias Brasil de Souza, Gerhard Pfandl, Joel Iparraguirre y Marcos G. Blanco. |
| 504 ## - NOTA DE BIBLIOGRAFÍA, ETC. |
| Nota de bibliografía, etc. |
Incluye bibliografía selecta. |
| 505 ## - NOTA DE CONTENIDO CON FORMATO |
| Nota de contenido con formato |
PAUTAS GENERALES -- El método histórico-bíblico -- El asunto del texto -- PAUTAS PARA INTERPRETAR UN TEXTO BÍBLICO -- Paso uno: Buscara Dios en oración -- Paso dos: Leer el texto -- Paso tres: Usar la mejor traducción posible -- Paso cuatro: Traducir el texto -- Paso cinco: Investigar el contexto -- Paso seis: Analizar el texto -- Paso siete: Efectuar un análisis teológico -- Paso ocho: Aplicar el texto -- Paso nueve: Utilizar recursos adicionales -- Paso diez: Dedicar tiempo -- PAUTAS ADICIONALES PARA SERMONES EXPOSITIVOS -- Aplicar las pautas para interpretar un texto bíblico -- Decidir por un tipo básico de sermón expositivo -- Encontrar y fijar la meta del sermón -- Escoger un bosquejo para el sermón -- Trabajar en la introducción y la conclusión -- Escribir el sermón APÉNDICES -- La santa biblia: Alcance, relevancia y autoridad -- La biblia y los escritos de Elena de White -- Cómo interpretar Daniel y Apocalipsis -- ¿Qué versión de la biblia debemos escoger? |
| 520 ## - RESUMEN, ETC. |
| Sumario, etc. |
Manual práctico de hermenéutica bíblica desde una perspectiva adventista, que presenta principios y métodos para la correcta interpretación de las Escrituras, desarrollados paso a paso y aplicados tanto al estudio bíblico como a la predicación expositiva. |
| 630 24 - PUNTO DE ACCESO ADICIONAL DE MATERIA--TÍTULO UNIFORME |
| Título uniforme |
Biblia. |
| Subdivisión general |
Interpretación |
| 9 (RLIN) |
5017 |
| 650 14 - PUNTO DE ACCESO ADICIONAL DE MATERIA--TÉRMINO DE MATERIA |
| Término de materia o nombre geográfico como elemento de entrada |
Hermenéutica bíblica |
| 9 (RLIN) |
1389 |
| 650 24 - PUNTO DE ACCESO ADICIONAL DE MATERIA--TÉRMINO DE MATERIA |
| Término de materia o nombre geográfico como elemento de entrada |
Predicación expositiva |
| 9 (RLIN) |
7980 |
| 650 24 - PUNTO DE ACCESO ADICIONAL DE MATERIA--TÉRMINO DE MATERIA |
| Término de materia o nombre geográfico como elemento de entrada |
Exégesis bíblica. |
| 9 (RLIN) |
6816 |
| 700 ## - ENTRADA AGREGADA--NOMBRE PERSONAL |
| Nombre de persona |
Iparraguirre, Joel, |
| Término indicativo de función/relación |
traductor. |
| 9 (RLIN) |
7904 |
| 700 ## - ENTRADA AGREGADA--NOMBRE PERSONAL |
| Nombre de persona |
Alomía, Merling, |
| Término indicativo de función/relación |
editor. |
| 9 (RLIN) |
7905 |
| 700 ## - ENTRADA AGREGADA--NOMBRE PERSONAL |
| Nombre de persona |
Brasil de Souza, Elias, |
| Término indicativo de función/relación |
autor. |
| 9 (RLIN) |
7906 |
| 700 ## - ENTRADA AGREGADA--NOMBRE PERSONAL |
| Nombre de persona |
Pfandl, Gerhard, |
| Término indicativo de función/relación |
autor. |
| 9 (RLIN) |
7907 |
| 700 ## - ENTRADA AGREGADA--NOMBRE PERSONAL |
| Nombre de persona |
Blanco, Marcos G., |
| Término indicativo de función/relación |
autor. |
| 9 (RLIN) |
7908 |
| 942 ## - ELEMENTOS DE ENTRADA SECUNDARIOS (KOHA) |
| Fuente del sistema de clasificación o colocación |
Clasificación Decimal Dewey |
| Tipo de ítem Koha |
Libros físicos |
| 980 ## - EQUIVALENCIA O REFERENCIA-CRUZADA-MENCIÓN DE SERIE--NOMBRE DE PERSONA/TÍTULO [LOCAL, CANADÁ] |
| ID del usuario creador del registro |
18228 |
| Nombre del creador del registro |
Rebeca Esther Huerta Leyton |
| ID del último usuario que modificó el registro |
18226 |
| Nombre del último usuario que modificó el registro |
Jaime Vilcazán Jefe de Análisis Documental |